[Event "Millionaire Chess Op 2015"]
[Site "Las Vegas USA"]
[Date "2015.10.10"]
[Round "5.23"]
[White "Korley, Kassa"]
[Black "Akobian, Varuzhan"]
[Result "1/2-1/2"]
[WhiteTitle "IM"]
[BlackTitle "GM"]
[WhiteElo "2388"]
[BlackElo "2634"]
[WhiteFideId "2033801"]
[BlackFideId "13300580"]
[EventDate "2015.10.08"]

1. d4 Nf6 2. Nf3 e6 3. c4 d5 4. g3 Bb4+ 5. Nbd2 dxc4 6. a3 Bxd2+ 7. Bxd2 b5 8.
a4 c6 9. Bg2 Bb7 10. b3 cxb3 11. Qxb3 a6 12. O-O O-O 13. Rfc1 Nbd7 14. Bb4 Re8
15. Ne5 Nxe5 16. dxe5 Nd7 17. Bd6 Qc8 18. axb5 axb5 19. Rxa8 Qxa8 20. Be4 c5 21.
Qxb5 Bxe4 22. Qxd7 Bc6 23. Qc7 Qa6 24. Rb1 c4 25. f3 h6 26. Kf2 Rc8 27. Rb8 Rxb8
28. Qxb8+ Kh7 29. Qb1+ Kh8 30. Qb8+ Kh7 31. Qb1+ 1/2-1/2

[Event "Millionaire Chess Op 2015"]
[Site "Las Vegas USA"]
[Date "2015.10.10"]
[Round "5.24"]
[White "Norowitz, Yaacov"]
[Black "Macieja, Bartlomiej"]
[Result "0-1"]
[WhiteTitle "IM"]
[BlackTitle "GM"]
[WhiteElo "2435"]
[BlackElo "2579"]
[WhiteFideId "2024799"]
[BlackFideId "1104306"]
[EventDate "2015.10.08"]

1. d4 Nf6 2. Nf3 d5 3. c4 e6 4. Nc3 dxc4 5. Qa4+ c6 6. Qxc4 b5 7. Qd3 a6 8. g3
c5 9. Bg2 Bb7 10. O-O Nbd7 11. Qd1 c4 12. Qc2 b4 13. Nb1 Qc8 14. Bg5 Be7 15. Ne5
Bxg2 16. Kxg2 O-O 17. Nd2 c3 18. bxc3 Qxc3 0-1

[Event "Millionaire Chess Op 2015"]
[Site "Las Vegas USA"]
[Date "2015.10.10"]
[Round "5.25"]
[White "Sevian, Samuel"]
[Black "Sorkin, Igor"]
[Result "1-0"]
[WhiteTitle "GM"]
[WhiteElo "2556"]
[BlackElo "2392"]
[WhiteFideId "2040506"]
[BlackFideId "2803283"]
[EventDate "2015.10.08"]

1. e4 c5 2. Nf3 Nc6 3. d4 cxd4 4. Nxd4 Qb6 5. Nb3 Nf6 6. Nc3 e6 7. Qe2 Bb4 8.
Bd2 O-O 9. a3 Be7 10. Be3 Qc7 11. f4 a6 12. g4 d5 13. e5 Ne8 14. g5 b5 15. Qf2
Bb7 16. Rg1 g6 17. Bb6 Qb8 18. Bc5 Bxc5 19. Nxc5 Bc8 20. Rg3 b4 21. axb4 Qxb4
22. Bb5 axb5 23. Rxa8 Nc7 24. Ra1 Nd4 25. Nd3 Qc4 26. Rh3 Ne8 27. Kd2 b4 28.
Nxb4 Qxb4 29. Ra4 Nb3+ 30. cxb3 Qxb3 31. Kc1 Ng7 32. Qc5 Qb8 33. Rb4 Qa8 34. Ra4
Qb8 35. Qa7 Qb3 36. Qd4 Qb8 37. Kb1 Nf5 38. Qa7 Qb3 39. Qc5 Qb8 40. Ra7 Bb7 41.
Qb6 Ba8 42. Qxb8 Rxb8 43. Nb5 d4 44. Nd6 Nxd6 45. exd6 Be4+ 46. Kc1 d3 47. Re3
Bf5 48. Re5 1-0

[Event "Millionaire Chess Op 2015"]
[Site "Las Vegas USA"]
[Date "2015.10.10"]
[Round "5.26"]
[White "Popilski, Gil"]
[Black "Rensch, Daniel"]
[Result "1-0"]
[WhiteTitle "GM"]
[BlackTitle "IM"]
[WhiteElo "2529"]
[BlackElo "2384"]
[WhiteFideId "2809060"]
[BlackFideId "2017202"]
[EventDate "2015.10.08"]

1. e4 e5 2. Nf3 Nc6 3. Bb5 Nf6 4. d3 d6 5. Nc3 Be7 6. d4 Bd7 7. Bxc6 Bxc6 8. Qd3
exd4 9. Nxd4 Qd7 10. O-O g6 11. Re1 O-O 12. Nxc6 Qxc6 13. b3 Rfe8 14. Bg5 Qc5
15. Be3 Qh5 16. Bd4 Ng4 17. h3 Ne5 18. Qb5 Qg5 19. Qe2 c6 20. Rad1 Bf8 21. Rf1
Qe7 22. Qe3 a6 23. f4 Nd7 24. Qg3 b5 25. Rde1 Rad8 26. Nd5 cxd5 27. exd5 Ne5 28.
fxe5 Bg7 29. Bb6 Bxe5 30. Bxd8 Rxd8 31. Qd3 Qa7+ 32. Kh1 b4 33. Re4 a5 34. Rc4
Qe7 35. Qe3 Re8 36. Rc6 Kg7 37. Qf2 Ra8 38. Qb6 Ra7 39. Rc8 h5 40. Qb8 Kh6 41.
Re8 Qc7 42. Rh8+ Kg5 43. Qf8 Bxh8 44. h4+ Kxh4 45. Qh6 g5 46. g3+ Kg4 47. Rf4+
gxf4 48. Qxf4+ Kh3 49. Qh4# 1-0

[Event "Millionaire Chess Op 2015"]
[Site "Las Vegas USA"]
[Date "2015.10.10"]
[Round "5.27"]
[White "Kadric, Denis"]
[Black "Liang, Awonder"]
[Result "1/2-1/2"]
[WhiteTitle "GM"]
[BlackTitle "FM"]
[WhiteElo "2532"]
[BlackElo "2365"]
[WhiteFideId "14403803"]
[BlackFideId "2056437"]
[EventDate "2015.10.08"]

1. e4 c5 2. Nc3 d6 3. f4 Nc6 4. Nf3 g6 5. Bb5 Bd7 6. a4 Bg7 7. O-O e6 8. Bxc6
Bxc6 9. d4 Ne7 10. dxc5 dxc5 11. Qxd8+ Rxd8 12. Ne5 g5 13. Nxc6 Nxc6 14. f5 Bd4+
15. Kh1 h6 16. Nb5 exf5 17. exf5 O-O 18. c3 Bf6 19. Be3 Rfe8 20. Rae1 Re5 21. h3
b6 22. Bc1 Rdd5 23. Rxe5 Rxe5 24. Nd6 Re2 25. Rd1 Be5 26. Nc4 Bg3 27. Kg1 Na5
28. Nxa5 bxa5 29. Rd8+ Kg7 30. Bd2 c4 31. Kf1 Rf2+ 32. Kg1 Re2 33. Kf1 Rf2+ 34.
Kg1 Re2 35. Kf1 Rf2+ 36. Kg1 1/2-1/2

[Event "Millionaire Chess Op 2015"]
[Site "Las Vegas USA"]
[Date "2015.10.10"]
[Round "5.29"]
[White "Boros, Denes"]
[Black "Sturt, Raven M"]
[Result "0-1"]
[WhiteTitle "GM"]
[WhiteElo "2465"]
[BlackElo "2368"]
[WhiteFideId "722340"]
[BlackFideId "2007304"]
[EventDate "2015.10.08"]

1. g3 c5 2. Bg2 Nc6 3. c4 g6 4. Nc3 Bg7 5. d3 d6 6. Qd2 Nh6 7. h4 Bd7 8. b3 Qa5
9. Bb2 O-O-O 10. e3 Ng4 11. Nh3 Nge5 12. f4 Ng4 13. Rc1 Nb4 14. a3 Na2 15. b4
cxb4 16. Nxa2 Bxb2 17. Qxb2 b3+ 18. Ke2 Qb6 19. c5 dxc5 20. Nc3 Kb8 21. Nd5 Qd6
22. Ng5 Be6 23. e4 h6 24. Nh3 Bxd5 25. exd5 e5 26. fxe5 Rhe8 27. Kd2 Rxe5 28.
Qxb3 Re3 29. Rhf1 Rxg3 30. Nf4 g5 31. Rb1 b6 32. Be4 gxf4 33. a4 f5 34. Bxf5 Ne3
35. Be4 c4 36. Qb5 Qf6 0-1

[Event "Millionaire Chess Op 2015"]
[Site "Las Vegas USA"]
[Date "2015.10.10"]
[Round "5.31"]
[White "Kavutskiy, Konstantin"]
[Black "Barcenilla, Rogelio"]
[Result "0-1"]
[WhiteTitle "FM"]
[BlackTitle "GM"]
[WhiteElo "2349"]
[BlackElo "2455"]
[WhiteFideId "2026384"]
[BlackFideId "5200059"]
[EventDate "2015.10.08"]

1. d4 Nf6 2. c4 g6 3. Nc3 Bg7 4. e4 d6 5. Nf3 O-O 6. h3 e5 7. d5 Nh5 8. g3 f5 9.
exf5 gxf5 10. Bg5 Nf6 11. Be2 Qe8 12. Be3 Na6 13. Qd2 Qg6 14. Ng5 h6 15. Ne6
Bxe6 16. dxe6 Kh7 17. O-O-O h5 18. f3 Kh8 19. Bd3 e4 20. Be2 Qe8 21. fxe4 fxe4
22. Nd5 Qxe6 23. Nf4 Qe8 24. Bd4 Nc5 25. g4 Ne6 26. Nxe6 Qxe6 27. gxh5 Nh7 28.
Rhg1 Bxd4 29. Qxd4+ Qe5 30. Qxe5+ dxe5 31. Rd7 Rf2 32. Kd2 Nf6 33. Re7 Rd8+ 34.
Ke3 Rh2 35. Rg3 Nxh5 36. Rg1 Nf4 37. Rxe5 Rxe2+ 38. Kxf4 Rf8+ 39. Kg4 Rg8+ 40.
Rg5 Rxb2 41. Kf4 Rxg5 42. Rxg5 Rxa2 43. Rb5 b6 44. Rd5 Rf2+ 45. Kxe4 Kg7 46. Rd8
a5 47. Rc8 Rf7 48. Ke5 Kg6 49. Ke4 Rh7 50. Kd3 Kf5 51. c5 b5 52. c6 Ke6 53. Rd8
Rh4 54. Rd7 Rc4 55. Rxc7 Kd6 56. Ra7 a4 0-1

[Event "Millionaire Chess Op 2015"]
[Site "Las Vegas USA"]
[Date "2015.10.10"]
[Round "5.32"]
[White "Zapata, Alonso"]
[Black "Pinto Henriquez, Rodrigo"]
[Result "1-0"]
[WhiteTitle "GM"]
[WhiteElo "2464"]
[BlackElo "2177"]
[WhiteFideId "4400011"]
[BlackFideId "2207931"]
[EventDate "2015.10.08"]

1. e4 e5 2. Nf3 Nc6 3. Bb5 Nf6 4. d4 Nxe4 5. Qe2 Nd6 6. Bxc6 dxc6 7. dxe5 Nf5 8.
Bg5 Be7 9. Bxe7 Qxe7 10. Nc3 Bd7 11. O-O-O O-O-O 12. h3 h5 13. Rd2 Be6 14. Rhd1
Rxd2 15. Qxd2 Rd8 16. Qxd8+ Qxd8 17. Rxd8+ Kxd8 18. Ng5 Ke7 19. g3 Bd7 20. h4
Nd4 21. Nd1 f6 22. exf6+ gxf6 23. Ne4 Bf5 24. Nc5 b6 25. Nd3 Ne6 26. Kd2 c5 27.
Nc3 c6 28. Ne2 Kd6 29. Ndf4 Ng7 30. f3 Bd7 31. Nc3 f5 32. a3 Be8 33. Nd1 Bf7 34.
Nf2 Ke5 35. N2h3 Kf6 36. Ng5 Bg8 37. Ke3 Ke5 38. Nd3+ Kf6 39. Kf4 Bd5 40. Nf2
Ne8 41. g4 fxg4 42. fxg4 Kg6 43. Nfe4 a6 44. Ng3 Nf6 45. gxh5+ Nxh5+ 46. Nxh5
Kxh5 47. Kg3 b5 48. Nh3 Be4 49. Nf4+ Kh6 50. c3 c4 51. Kf2 Kg7 52. Ke3 Bh1 53.
Kd4 Kf6 54. Kc5 Bf3 55. Kd6 Kf5 56. Ne6 Kg4 57. Nd4 Be4 58. Nxc6 Kf4 59. Nb8 Ke3
60. Nxa6 Kd2 61. Kc5 Kc2 62. Kxb5 Kxb2 63. Kb4 Kc2 64. Nc5 1-0

[Event "Millionaire Chess Op 2015"]
[Site "Las Vegas USA"]
[Date "2015.10.10"]
[Round "5.33"]
[White "Johnson, Leonard J"]
[Black "Quintiliano Pinto, Renato R."]
[Result "0-1"]
[WhiteTitle "FM"]
[BlackTitle "IM"]
[WhiteElo "2297"]
[BlackElo "2443"]
[WhiteFideId "2007959"]
[BlackFideId "2117568"]
[EventDate "2015.10.08"]

1. d4 d5 2. Bf4 Nf6 3. e3 e6 4. Nf3 c5 5. c3 Nc6 6. Nbd2 Be7 7. Ne5 O-O 8. Bd3
Nd7 9. Qh5 g6 10. Qh6 Bf6 11. Ndf3 Bg7 12. Qh3 Ndxe5 13. dxe5 f6 14. Qg3 b6 15.
h4 fxe5 16. Nxe5 Nxe5 17. Bxe5 Bxe5 18. Qxe5 Qf6 19. Qxf6 Rxf6 20. e4 Bb7 21. e5
Rf7 22. h5 Kg7 23. Rh3 gxh5 24. Rxh5 h6 25. Ke2 Raf8 26. f3 c4 27. Bc2 d4 28.
cxd4 Rxf3 29. gxf3 Bxf3+ 30. Kd2 Bxh5 31. Rg1+ Kh8 32. Rh1 Rf2+ 33. Kc3 Bf7 34.
Rxh6+ Kg7 35. Rh7+ Kg8 36. Rh1 b5 37. Be4 a5 38. Rg1+ Kf8 39. Rg2 Rf4 40. Re2
Bh5 41. Re3 Rf1 42. Bc6 Rc1+ 43. Kd2 Rb1 44. b3 cxb3 45. axb3 b4 46. Kc2 Rf1 47.
Rg3 Kf7 48. Be4 Re1 0-1

[Event "Millionaire Chess Op 2015"]
[Site "Las Vegas USA"]
[Date "2015.10.10"]
[Round "5.37"]
[White "Boor, Carl Brandon"]
[Black "Fishbein, Alexander"]
[Result "0-1"]
[WhiteTitle "FM"]
[BlackTitle "GM"]
[WhiteElo "2298"]
[BlackElo "2489"]
[WhiteFideId "2017008"]
[BlackFideId "2000377"]
[EventDate "2015.10.08"]

1. d4 Nf6 2. c4 g6 3. Nc3 Bg7 4. e4 d6 5. Nf3 O-O 6. Be2 e5 7. d5 Na6 8. Nd2 Bd7
9. h4 c6 10. h5 Rc8 11. hxg6 hxg6 12. Nb3 cxd5 13. exd5 b6 14. Bg5 Re8 15. Ne4
Bf5 16. Nbd2 Bxe4 17. Nxe4 Nc5 18. Nxc5 bxc5 19. Rh3 Rb8 20. Qc2 e4 21. Bd2 Nd7
22. Bc3 Qg5 23. Rg3 Bxc3+ 24. Qxc3 Qf4 25. Rh3 Ne5 26. b3 Qf6 27. Kf1 Kg7 28.
Rc1 Rh8 29. Rxh8 Rxh8 0-1

[Event "Millionaire Chess Op 2015"]
[Site "Las Vegas USA"]
[Date "2015.10.10"]
[Round "5.39"]
[White "Zhang, Xiaopeng"]
[Black "Li, Ruifeng"]
[Result "0-1"]
[BlackTitle "FM"]
[WhiteElo "2279"]
[BlackElo "2446"]
[WhiteFideId "8604037"]
[BlackFideId "2061074"]
[EventDate "2015.10.08"]

1. e4 e5 2. Nf3 Nc6 3. Bb5 g6 4. O-O Bg7 5. c3 Nge7 6. d4 exd4 7. cxd4 a6 8. Ba4
b5 9. Bb3 O-O 10. Nc3 Na5 11. Bc2 d6 12. h3 c5 13. Bf4 cxd4 14. Nxd4 Bb7 15. Re1
Nc4 16. Rb1 Rc8 17. Qd3 Qb6 18. Red1 Rfe8 19. Bb3 d5 20. e5 Nxe5 21. Bxe5 Bxe5
22. Nf3 Bf6 23. Nxd5 Nxd5 24. Bxd5 Bxd5 25. Qxd5 Re2 26. Nd4 Bxd4 27. Rxd4 Qf6
28. Rf1 Rxb2 29. g3 Qc6 30. Qxc6 Rxc6 31. a4 b4 32. Rf4 Rb6 33. Re1 Rb7 34. a5
Ra2 35. Ree4 Rxa5 36. Rxb4 Ra7 37. h4 h5 38. Kg2 Re5 39. Ra4 a5 40. Rfc4 Rf5 41.
Rd4 Kg7 42. Ra2 Kf6 43. Re4 Re5 44. Rf4+ Ke6 45. f3 Rb7 46. Kh3 Rbb5 47. Rfa4
Kd6 48. Kg2 Kc6 49. Rf4 Rf5 50. Rfa4 Kb6 51. g4 Rfd5 52. Rf4 f5 0-1

[Event "Millionaire Chess Op 2015"]
[Site "Las Vegas USA"]
[Date "2015.10.10"]
[Round "6.1"]
[White "Nakamura, Hikaru"]
[Black "Le, Quang Liem"]
[Result "1/2-1/2"]
[WhiteTitle "GM"]
[BlackTitle "GM"]
[WhiteElo "2816"]
[BlackElo "2697"]
[WhiteFideId "2016192"]
[BlackFideId "12401137"]
[EventDate "2015.10.08"]

1. d4 d5 2. c4 e6 3. Nf3 Be7 4. Nc3 Nf6 5. Bf4 O-O 6. e3 Nbd7 7. c5 Ne4 8. Qc2
f5 9. h3 c6 10. Bd3 b6 11. cxb6 axb6 12. O-O Bb7 13. Ne2 Bf6 14. a4 Qe7 15. Qb3
Rfc8 16. Rfc1 c5 17. Bb5 c4 18. Qc2 Bc6 19. Bxc6 Rxc6 20. Nd2 Nxd2 21. Qxd2 Rcc8
22. Nc3 Bg5 23. Bh2 Nf6 24. f3 Ne8 25. Qe2 Nd6 26. Kh1 Bf6 27. Rf1 Qd7 28. Rad1
Rf8 29. g4 g6 30. Qg2 Bg7 31. Be5 Rad8 32. Qg3 Qe7 33. Bxg7 Qxg7 34. Kg2 Nb7 35.
Ne2 Ra8 36. Ra1 Qd7 37. Nf4 Na5 38. Kh1 Nb3 39. Rad1 Rxa4 40. Rg1 Qe8 41. Qh4
Ra7 42. Qh6 Rg7 43. Nh5 Ra7 44. Nf4 Rg7 45. Nh5 1/2-1/2

[Event "Millionaire Chess Op 2015"]
[Site "Las Vegas USA"]
[Date "2015.10.10"]
[Round "6.2"]
[White "Yu, Yangyi"]
[Black "McShane, Luke J"]
[Result "1/2-1/2"]
[WhiteTitle "GM"]
[BlackTitle "GM"]
[WhiteElo "2721"]
[BlackElo "2674"]
[WhiteFideId "8603820"]
[BlackFideId "404853"]
[EventDate "2015.10.08"]

1. e4 e5 2. Nf3 Nc6 3. Bb5 Nf6 4. d3 Bc5 5. Bxc6 dxc6 6. Nbd2 O-O 7. Nc4 Nd7 8.
O-O Re8 9. b3 Bd6 10. Bb2 c5 11. g3 f6 12. Nh4 Nb8 13. Nf5 Nc6 14. g4 b5 15.
Nce3 Be6 16. Kh1 Nd4 17. Rg1 Bf8 18. Rg3 g6 19. c3 Nc6 20. Qf3 b4 21. c4 Nd4 22.
Nxd4 cxd4 23. Nf5 a5 24. Rag1 a4 25. g5 Ra6 26. gxf6 Qxf6 27. Nxd4 Bxc4 28. Nf5
Bf7 29. Rg5 axb3 30. axb3 c5 31. Qd1 Qe6 32. R5g3 Qxb3 33. Qc1 c4 34. Bxe5 Rxe5
35. d4 Rxe4 36. Rxb3 cxb3 37. Qc8 Rf6 38. Nh6+ Kg7 39. Nf5+ Kg8 40. Nh6+ Kg7 41.
Nf5+ Rxf5 42. Qxf5 Re2 43. Qf3 Rc2 44. Rb1 b2 45. Qe4 b3 46. Kg2 Ba3 47. Qe5+
Kg8 48. Qb8+ Kg7 49. Qe5+ Kg8 1/2-1/2

[Event "Millionaire Chess Op 2015"]
[Site "Las Vegas USA"]
[Date "2015.10.10"]
[Round "6.3"]
[White "Lenderman, Aleksandr"]
[Black "Bareev, Evgeny"]
[Result "1/2-1/2"]
[WhiteTitle "GM"]
[BlackTitle "GM"]
[WhiteElo "2623"]
[BlackElo "2669"]
[WhiteFideId "2021285"]
[BlackFideId "4100140"]
[EventDate "2015.10.08"]

1. d4 d5 2. c4 c6 3. Nf3 Nf6 4. g3 g6 5. Bg2 Bg7 6. Qb3 O-O 7. O-O a5 8. cxd5 a4
9. Qd1 cxd5 10. Nc3 Qa5 11. Ne5 Nc6 12. e3 e6 13. Nd3 b6 14. Bd2 Qa6 15. Qc2 Bd7
16. Rfc1 Rfc8 17. Bf1 Qa7 18. Qd1 Bf8 19. Be1 Be8 20. f3 h5 21. Rc2 Qb7 22. Rac1
Na5 23. Ne5 Nd7 24. Nb5 Nxe5 25. dxe5 Bxb5 26. Bxb5 Rc5 27. Qe2 Nc4 28. Bxc4
dxc4 29. Rxc4 Rxe5 30. Rc7 Qb8 31. Rd7 Ra7 32. Rd3 Ra8 33. Rcd1 Rc5 34. e4 Qe8
35. Bc3 Bg7 36. Bxg7 Kxg7 37. Rd7 Rac8 38. Qe3 b5 39. e5 R5c7 40. Rxc7 Rxc7 41.
Rd2 Qe7 42. Kg2 Rc5 43. Qf4 Rc4 44. Rd4 Rc2+ 45. Rd2 Rc4 46. Rd4 Rc2+ 47. Rd2 1/2-1/2

[Event "Millionaire Chess Op 2015"]
[Site "Las Vegas USA"]
[Date "2015.10.10"]
[Round "6.4"]
[White "Durarbayli, Vasif"]
[Black "Caruana, Fabiano"]
[Result "1/2-1/2"]
[WhiteTitle "GM"]
[BlackTitle "GM"]
[WhiteElo "2618"]
[BlackElo "2796"]
[WhiteFideId "13402935"]
[BlackFideId "2020009"]
[EventDate "2015.10.08"]

1. e4 e5 2. Nf3 Nc6 3. Bc4 Bc5 4. c3 Nf6 5. d3 d6 6. Bb3 a6 7. h3 Be6 8. O-O Ba7
9. Re1 O-O 10. Nbd2 Re8 11. Nf1 h6 12. Ng3 Bxb3 13. Qxb3 Qd7 14. Be3 Bxe3 15.
fxe3 d5 16. exd5 Qxd5 17. Qxd5 Nxd5 18. Rad1 Rad8 19. Ne4 b6 20. g4 Re6 21. Kf2
Nce7 22. Nh4 g6 23. Ng3 c5 24. Ke2 Nf6 25. Nf3 Nc8 26. Rf1 Kg7 27. Nd2 Nd6 28.
Nde4 Ndxe4 29. Nxe4 Nxe4 30. dxe4 Red6 31. Rxd6 Rxd6 32. h4 c4 33. Rg1 b5 34. a3
Kf6 35. Ra1 Rd3 36. Rc1 Ke6 37. Rf1 Rd6 38. Rg1 Rd8 39. Rf1 Rg8 40. Rg1 Rd8 41.
Rf1 Rd3 42. Rg1 Rd8 1/2-1/2

[Event "Millionaire Chess Op 2015"]
[Site "Las Vegas USA"]
[Date "2015.10.10"]
[Round "6.5"]
[White "So, Wesley"]
[Black "Ortiz Suarez, Isan Reynaldo"]
[Result "1-0"]
[WhiteTitle "GM"]
[BlackTitle "GM"]
[WhiteElo "2760"]
[BlackElo "2581"]
[WhiteFideId "5202213"]
[BlackFideId "3507165"]
[EventDate "2015.10.08"]

1. d4 Nf6 2. c4 e6 3. Nf3 Bb4+ 4. Nbd2 O-O 5. a3 Be7 6. e4 d6 7. Be2 c5 8. d5
Nbd7 9. O-O Ne8 10. b4 a5 11. bxa5 Rxa5 12. dxe6 fxe6 13. e5 Nxe5 14. Nxe5 dxe5
15. Bb2 Ra6 16. Bxe5 Bf6 17. Nf3 Nd6 18. Bd3 Nf7 19. Bxf6 Qxf6 20. a4 Rd6 21.
Qb1 g6 22. Be4 Rfd8 23. h3 R6d7 24. Re1 Qc3 25. Rc1 Qf6 26. Ra3 Nd6 27. Bd3 e5
28. Re1 Re7 29. Be4 Nxe4 30. Qxe4 Bf5 31. Qe3 e4 32. Qxc5 Rc8 33. Qb4 Rd7 34.
Nd2 Qd6 35. Qxd6 Rxd6 36. Ra2 h5 37. a5 Rd4 38. Rb2 Rc7 39. Rc1 Be6 40. Kf1 Kf7
41. Ke2 Rcd7 42. Rc3 Kf6 43. Ke3 Bf5 44. Nb3 Rd1 45. Nc5 Re1+ 46. Re2 Rxe2+ 47.
Kxe2 Rc7 48. Nb3 Ke5 49. Ke3 Be6 50. Nd2 Bd5 51. Ra3 Be6 52. a6 bxa6 53. Rxa6
Kf6 54. Nxe4+ Ke7 55. c5 Bf5 56. g4 hxg4 57. hxg4 Bxg4 58. Rxg6 Be6 59. Rg7+ Bf7
60. Ng5 1-0

[Event "Millionaire Chess Op 2015"]
[Site "Las Vegas USA"]
[Date "2015.10.10"]
[Round "6.6"]
[White "Shimanov, Aleksandr"]
[Black "Kamsky, Gata"]
[Result "1/2-1/2"]
[WhiteTitle "GM"]
[BlackTitle "GM"]
[WhiteElo "2593"]
[BlackElo "2680"]
[WhiteFideId "4198603"]
[BlackFideId "2000024"]
[EventDate "2015.10.08"]

1. d4 Nf6 2. c4 e6 3. Nc3 Bb4 4. e3 O-O 5. Bd3 c5 6. Nf3 b6 7. d5 exd5 8. cxd5
Ba6 9. O-O Bxd3 10. Qxd3 Re8 11. Nb5 d6 12. a3 Ba5 13. b4 a6 14. Nxd6 Qxd6 15.
bxa5 b5 16. Rd1 Nbd7 17. Bb2 c4 18. Qf5 Rac8 19. Bc3 g6 20. Qc2 Nc5 21. Bxf6
Qxf6 22. Nd4 Rcd8 23. a4 Nxa4 24. e4 Nc5 25. f3 Nd3 26. Qc3 Qd6 27. Rxd3 cxd3
28. Nc6 Rc8 29. Rd1 f5 30. Qxd3 fxe4 31. fxe4 1/2-1/2

[Event "Millionaire Chess Op 2015"]
[Site "Las Vegas USA"]
[Date "2015.10.10"]
[Round "6.7"]
[White "Kjartansson, Gudmundur"]
[Black "Robson, Ray"]
[Result "0-1"]
[WhiteTitle "IM"]
[BlackTitle "GM"]
[WhiteElo "2465"]
[BlackElo "2680"]
[WhiteFideId "2301318"]
[BlackFideId "2023970"]
[EventDate "2015.10.08"]

1. d4 Nf6 2. c4 g6 3. Nc3 d5 4. Nf3 Bg7 5. Bf4 O-O 6. Rc1 Be6 7. Ng5 c5 8. dxc5
d4 9. Nb5 Nc6 10. Nc7 Bf5 11. Nxa8 e5 12. Bd2 Qe7 13. b4 e4 14. g3 h6 15. Nh3 e3
16. fxe3 Rd8 17. e4 Nxe4 18. Nf4 Nc3 19. Nd5 Rxd5 20. Bxc3 dxc3 21. cxd5 Nxb4
22. Kf2 Qe4 23. e3 Qxh1 24. Qf3 Qxh2+ 25. Qg2 Qxg2+ 26. Kxg2 Nxa2 27. Re1 c2 28.
Bc4 Be4+ 29. Kf2 c1=Q 30. Rxc1 Nxc1 31. d6 Nd3+ 32. Bxd3 Bxd3 33. Nc7 Bf5 0-1

[Event "Millionaire Chess Op 2015"]
[Site "Las Vegas USA"]
[Date "2015.10.10"]
[Round "6.8"]
[White "Shankland, Samuel L"]
[Black "Kaidanov, Gregory S"]
[Result "1/2-1/2"]
[WhiteTitle "GM"]
[BlackTitle "GM"]
[WhiteElo "2638"]
[BlackElo "2561"]
[WhiteFideId "2004887"]
[BlackFideId "2008564"]
[EventDate "2015.10.08"]

1. e4 e5 2. Nf3 Nc6 3. Bb5 a6 4. Ba4 Nf6 5. O-O Nxe4 6. d4 b5 7. Bb3 d5 8. dxe5
Be6 9. Nbd2 Be7 10. c3 O-O 11. Bc2 Nxd2 12. Qxd2 Qd7 13. Re1 f6 14. Qd3 g6 15.
Bh6 Rfe8 16. exf6 Bxf6 17. Bb3 Bf7 18. Rad1 Ne5 19. Nxe5 Bxe5 20. Qf3 Bg7 21.
Bxg7 Kxg7 22. Kf1 Rxe1+ 23. Rxe1 Qd6 24. g3 Rd8 25. Rd1 c5 26. Qe3 a5 27. h4 a4
28. Bc2 d4 29. cxd4 cxd4 30. Qg5 Bc4+ 31. Bd3 h6 32. Qg4 Qc6 33. Kg1 h5 1/2-1/2

[Event "Millionaire Chess Op 2015"]
[Site "Las Vegas USA"]
[Date "2015.10.10"]
[Round "6.9"]
[White "Zherebukh, Yaroslav"]
[Black "Rombaldoni, Axel"]
[Result "0-1"]
[WhiteTitle "GM"]
[BlackTitle "GM"]
[WhiteElo "2637"]
[BlackElo "2528"]
[WhiteFideId "14116804"]
[BlackFideId "815837"]
[EventDate "2015.10.08"]

1. e4 e6 2. d4 d5 3. e5 c5 4. c3 Qb6 5. Nf3 Nc6 6. a3 Nge7 7. b4 cxd4 8. cxd4
Nf5 9. Be3 f6 10. exf6 gxf6 11. Bd3 Nxe3 12. fxe3 Bh6 13. O-O O-O 14. Qe1 Ne7
15. Nc3 Kh8 16. Qh4 Ng8 17. e4 dxe4 18. Nxe4 f5 19. Nc5 Qd6 20. Bc4 b6 21. Nd3
Bb7 22. Nde5 Rac8 23. Rad1 Bd5 24. Bxd5 Qxd5 25. Rfe1 Rc7 26. Re2 Rg7 27. Kh1
Qb3 28. Rd3 Qb1+ 29. Re1 Qc2 30. Rg1 Qe2 31. Rdd1 Qe4 32. Qh3 Bf4 33. Rge1 Qc2
34. Nd3 Be3 35. Nh4 Bg5 36. Nf3 Be3 37. b5 Nf6 38. Nb4 Qa4 39. Ne5 Bf4 40. Qf3
Bxe5 41. Rxe5 Rfg8 42. Rg1 Ne4 43. g3 Ng5 44. Qc3 f4 45. d5 Nh3 46. Rge1 fxg3
47. hxg3 Nf2+ 48. Kg2 Nd1 49. Qf3 Rxg3+ 50. Qxg3 Rxg3+ 51. Kxg3 Qxa3+ 52. Kh4
Qxb4+ 53. R1e4 Qe7+ 0-1

[Event "Millionaire Chess Op 2015"]
[Site "Las Vegas USA"]
[Date "2015.10.10"]
[Round "6.10"]
[White "Nyzhnyk, Illya"]
[Black "Pakleza, Zbigniew"]
[Result "1/2-1/2"]
[WhiteTitle "GM"]
[BlackTitle "GM"]
[WhiteElo "2628"]
[BlackElo "2517"]
[WhiteFideId "14118084"]
[BlackFideId "1119290"]
[EventDate "2015.10.08"]

1. d4 Nf6 2. Nf3 g6 3. g3 Bg7 4. Bg2 d5 5. c4 c6 6. b3 O-O 7. O-O dxc4 8. bxc4
c5 9. Bb2 cxd4 10. Nxd4 Qb6 11. Qb3 Nfd7 12. e3 e5 13. Nb5 Nc5 14. Qa3 Be6 15.
Nd2 Nbd7 16. Rab1 a6 17. Nc3 Rfc8 18. Nd5 Qd8 19. Bc3 Rab8 20. Rfd1 Bf8 21. Bb4
b6 22. Nb3 a5 23. Nxc5 axb4 24. Nxe6 bxa3 25. Nxd8 Rxd8 26. Rb3 Kg7 27. Rbd3 Nf6
28. Nxf6 Rxd3 29. Rxd3 Kxf6 30. Rd7 b5 31. Bd5 Be7 32. g4 g5 33. h4 h6 34. f4
exf4 35. exf4 Bc5+ 36. Kg2 gxf4 37. Rxf7+ Ke5 38. Rf5+ Kd6 39. Rf6+ Ke5 40. Re6+
Kd4 41. Re4+ Kd3 42. cxb5 Rxb5 43. Kf3 Bd4 44. Be6 Rb1 45. Rxf4 Rf1+ 46. Kg3 Be5
47. Bc4+ Ke3 48. Bxf1 Bxf4+ 49. Kg2 1/2-1/2

[Event "Millionaire Chess Op 2015"]
[Site "Las Vegas USA"]
[Date "2015.10.10"]
[Round "6.11"]
[White "Azarov, Sergei"]
[Black "Raznikov, Danny"]
[Result "1-0"]
[WhiteTitle "GM"]
[BlackTitle "GM"]
[WhiteElo "2580"]
[BlackElo "2514"]
[WhiteFideId "13501470"]
[BlackFideId "2811154"]
[EventDate "2015.10.08"]

1. e4 e5 2. Nf3 Nc6 3. Bc4 Bc5 4. O-O d6 5. c3 Nf6 6. d3 a6 7. Bb3 O-O 8. Nbd2
h6 9. Re1 Be6 10. Nf1 d5 11. exd5 Nxd5 12. Nxe5 Bxf2+ 13. Kxf2 Nxe5 14. Kg1 Qf6
15. d4 Ng6 16. Ng3 Rae8 17. Rf1 Qh4 18. Qf3 c6 19. Nf5 Bxf5 20. Qxf5 Re6 21. g3
Qe7 22. Bd2 Re8 23. Bxd5 cxd5 24. Qxd5 Re2 25. Rae1 Qc7 26. Qf3 Rxe1 27. Rxe1
Rxe1+ 28. Bxe1 Ne7 29. Bf2 Qc8 30. Qe2 Nf5 31. c4 b5 32. g4 Nd6 33. c5 Ne8 34.
d5 Nf6 35. d6 Qc6 36. Bd4 Qd5 37. Bxf6 Qxc5+ 38. Qf2 Qc1+ 39. Kg2 gxf6 40. Qd4
Qc6+ 41. Kg3 Kg7 42. d7 Qc7+ 43. Kh3 Qd8 44. b4 Kg8 45. Qd6 Kg7 46. Kg2 Qa8+ 47.
Kf2 Qd8 48. Kf3 Qa8+ 49. Ke3 Qd8 50. Ke4 1-0